| 000 | 00471nam a2200181Ia 4500 | ||
|---|---|---|---|
| 003 | GCL | ||
| 008 | 140319s9999 xx 000 0 aRus d | ||
| 040 |
_aGCL / _cGCL |
||
| 082 | 0 | 4 |
_a860 _bC V |
| 100 | 1 | _aCID, POEMA DE MIO | |
| 245 | 1 | 0 |
_aVERSION DE PEDRO SALINAS / _cCID, POEMA DE MIO |
| 260 |
_a[S.N] : _bA LIANZA EDITORIAL ، _c1985 |
||
| 300 | _a228 P | ||
| 650 | 0 | 4 | _aLITERATURE |
| 650 | 0 | 4 | _aSPANISH LANGUAGE |
| 650 | 0 | 4 | _aSPANISH LITERATURE |
| 942 |
_2ddc _cBK |
||
| 999 |
_c24237 _d24237 |
||